00709nac a22002051u 4500010001600000020003200016020001700048082001700065090001500082100003400097245004900131250002200180260004300202300003600245504006400281650002000345942001900365999001500384952010400399 a 94040073 a0070493138 (recycled paper) a0071134654 :00a338.5bL9488 c4791d4791 aLuenberger, David G., 10aMicroeconomic theory /cDavid G. Luenberger. aInternational ed. aNew York :bMcGraw-Hill,c1995.cc1995. axviii, 486 p. :bill. ;c25 cm. aIncludes bibliographical references (p. 469-477) and index. 0aMicroeconomics. cBBk338.5L9488 c4791d4791 00104070aMAINbMAINc1STd2007-09-19ePurchasel0o338.5 LUEp000005827r2025-07-15 00:00:00yBB